000 00617nas a2200229 4500
001 BR9603846
003 BR-BrBNA
005 20231205094838.0
007 ta
008 230509b bl.|||p| |||| 00| 00por d
040 _aBR-BrBNA
_bpor
_cBiblioteca Nacional de Agricultura
041 _a(Pt)
072 _aF01
100 1 _aMachado, N.F.
245 1 _aDia de campo sobre a cultura da canola
650 _aColza
650 _aPlantio
650 _aAdubacao
773 0 _tRevista Batavo (Brazil)
_x
_g(Oct 1992), v. 1(12) p. 18-19
_wBR9603846
909 _a202311
_bLúcia
_c55
_dLúcia Elande
942 _2AGRIS
_n0
_cANA
999 _c147275
_d147275